Statistics for England Adminisrative units and centres

Click here to take the quiz!

General Stats

  • This quiz has been taken 15 times
    (8 since last reset)
  • The average score is 204 of 326

Answer Stats

Hint Answer % Correct
City Of LondonLondon
100%
HerefordshireHereford
75%
RochdaleRochdale
75%
HertsmereBorehamwood
75%
East HertfordshireBishops StortfordHertford
75%
North HertfordshireLetchworth Garden City
75%
ManchesterManchester
75%
TamesideAshton under Lyne
75%
SalfordSalford
75%
TraffordStretford
75%
StockportStockport
75%
WiganWigan
75%
BuryBury
75%
BoltonBolton
75%
OldhamOldham
75%
PlymouthPlymouth
75%
ExeterExeter
75%
Welwyn and HatfieldWelwyn Garden City
75%
South HamsTotnes
75%
TorbayTorquay
75%
TeignbridgeNewton Abbot
75%
West DevonTavistock
75%
TorridgeBideford
75%
Mid DevonTiverton
75%
East DevonSidmouth
75%
North DevonBarnstaple
75%
MiddlesbroughMiddlesbrough
75%
SelbySelby
75%
YorkYork
75%
ScarboroughScarborough
75%
BroxbourneCheshunt
75%
Three RiversRickmansworth
75%
HarrrogateHarrogate
75%
Amber ValleyRipley
75%
North East LincolnshireGrimsby
75%
North KestevanSleaford
75%
South KestevanGrantham
75%
East LindseyManby
75%
West LindseyGainsborough
75%
South HollandSpalding
75%
BostonBoston
75%
DerbyDerby
75%
Derbyshire DalesMatlock
75%
North East DerbyshireChesterfield
75%
South DerbyshireSwadlincote
75%
High PeakBuxtonGlossop
75%
BolsoverBolsover
75%
WatfordWatford
75%
ErewashIlkeston
75%
StaffordStafford
75%
Stoke on TrentStoke On Trent
75%
Newcastle Under LymeNewcastle under Lyme
75%
Staffordshire MoorlandsLeek
75%
East StaffordshireBurton on Trent
75%
South StaffordshireCodsall
75%
TamworthTamworth
75%
Cannock ChaseCannock
75%
LichfieldLichfield
75%
StevenageStevenage
75%
St AlbansSt Albans
75%
DacorumHemel Hempstead
75%
CravenSkipton
75%
RichmonshireRichmond
75%
LincolnLincoln
75%
West LancashireOrmskirk
75%
AshfordAshford
75%
MedwayChatham
75%
ThanetMargate
75%
SwaleSittingbourne
75%
ShepwayFolkestone
75%
GraveshamGravesend
75%
CanterburyCanterbury
75%
PrestonPreston
75%
BlackpoolBlackpool
75%
Blackburn with DarwenBlackburn
75%
BurnleyBurnley
75%
ChorleyChorley
75%
Ribble ValleyClitheroe
75%
Tonbridge and MallingTonbridge
75%
South RibbleLeyland
75%
FyldeLytham St Annes
75%
PendleNelson
75%
WyrePoulton le Fylde
75%
HyndburnAccrington
75%
LancasterLancaster
75%
SouthendSouthend on Sea
75%
Castle PointThundersley
75%
ThurrockGrays
75%
Epping ForestEpping
75%
ColchesterColchester
75%
ChelmsfordChelmsford
75%
MaldonMaldon
75%
MaidstoneMaidstone
75%
Tunbridge WellsRoyal Tunbridge Wells
75%
HambledonNorthallerton
75%
SouthamptonSouthampton
75%
Redcar and ClevelandRedcar
75%
RunnymedeAddlestone
75%
ElmsbridgeEsher
75%
SpelthorpeStaines
75%
Epsom and EwellEpsom
75%
Reigate and BansteadReigate
75%
WokingWoking
75%
GuildfordGuildford
75%
Surrey HeathCamberley
75%
Mole ValleyDorking
75%
TandridgeOxted
75%
WaverleyGodalming
75%
WinchesterWinchester
75%
SevenoaksSevenoaks
75%
PortsmouthPortsmouth
75%
EastleighEastleigh
75%
HavantHavant
75%
GosportGosport
75%
FarehamFareham
75%
East HampshirePetersfield
75%
RushmoorFarnborough
75%
New ForestLyndhurst
75%
Test ValleyAndover
75%
Basingstoke and DeaneBasingstoke
75%
HartFleet
75%
DoverDover
75%
DartfordDartford
75%
CornwallTruro
75%
North LincolnshireScunthorpe
75%
CalderdaleHalifax
75%
WychavonPershore
75%
Barrow in FurnessBarrow
75%
EdenPenrith
75%
CambridgeCambridge
75%
PeterboroughPeterborough
75%
HuntingdonshireHuntingdon
75%
East CambridgeshireEly
75%
South CambridgeshireCambourne
75%
FenlandMarch
75%
WorcesterWorcester
75%
RedditchRedditch
75%
BromsgroveBromsgrove
75%
MalvernGreat Malvern
75%
LeedsLeeds
75%
CopelandWhitehaven
75%
Brighton and HoveBrighton
75%
LewesLewes
75%
EastbourneEastbourne
75%
WealdenHailshamCrowborough
75%
RotherBexhill on Sea
75%
HastingsHastings
75%
Mid SussexEast Grinstead
75%
ChichesterChichester
75%
WorthingWorthing
75%
HorshamHorsham
75%
CrawleyCrawley
75%
AdurShoreham by Sea
75%
ArunLittlehampton
75%
South LakelandKendal
75%
AllerdaleWorkington
75%
North NorfolkCromer
75%
Aylesbury ValeAylesbury
75%
LiverpoolLiverpool
75%
WirralWallasey
75%
St HelensSt Helens
75%
SeftonSouthportBootle
75%
KnowlsleyHuyton
75%
DarlingtonDarlington
75%
WakefieldWakefield
75%
Nuneaton and BedworthNuneaton
75%
RugbyRugby
75%
WarwickLeamington Spa
75%
Stratford Upon AvonStratford on Avon
75%
Milton KeynesMilton Keynes
75%
ChilternAmersham
75%
WycombeHigh Wycombe
75%
CarlisleCarlisle
75%
South BuckinghamshireDenham
75%
West OxfordshireWitney
75%
South OxfordshireWallingfordCrowmarsh Gifford
75%
OxfordOxford
75%
CherwellBanbury
75%
Vale of White HorseAbingdon
75%
SloughSlough
75%
ReadingReading
75%
WokinghamWokingham
75%
Bracknell ForestBracknell
75%
BradfordBradford
75%
Windsor and MaidenheadMaidenhead
75%
West BerkshireNewbury
75%
NorwichNorwich
75%
West NorfolkKings Lynn
75%
KirkleesHuddersfield
75%
BedfordBedford
75%
Stockton on TeesStockton on Tees
75%
DurhamDurham
75%
South NorfolkLong Stratton
75%
BarnsleyBarnsley
75%
RotherhamRotherham
75%
SheffieldSheffield
75%
WarringtonWarrington
75%
HaltonWidnes
75%
Cheshire EastSandbach
75%
Cheshire WestWilmslowChester
75%
Central BedfordshireChicksands
75%
Newcastle Upon TyneNewcastle
75%
LutonLuton
75%
Kingston Upon HullHull
75%
East Riding of YorkshireBeverley
75%
Telford and WreckinTelford
75%
ShropshireShrewsbury
75%
SwindonSwindon
75%
WiltshireTrowbridge
75%
NorthumberlandMorpeth
75%
BristolBristol
75%
RutlandOakham
75%
Isle Of WightNewport
75%
HartlepoolHartlepool
75%
DoncasterDoncaster
75%
SunderlandSunderland
75%
NorthamptonNorthampton
75%
Great YarmouthGreat Yarmouth
75%
BrecklandEast Dereham
75%
BroadlandThorpe St Andrew
75%
IpswichIpswich
75%
WaverneyLowestoft
75%
Suffolk CoastalWoodbridge
75%
GatesheadGateshead
75%
Forest HeathNewmarket
75%
Mid SuffolkNeedham Market
75%
BaberghHadleigh
75%
St EdmundsburyBury St Edmunds
75%
South NorthamptonshireTowcester
75%
North TynesideWallsend
75%
CorbyCorby
75%
KetteringKettering
75%
DaventryDaventry
75%
WellingboroughWellingborough
75%
BirminghamBirmingham
75%
WolverhamptonWolverhampton
75%
CoventryCoventry
75%
WalsallWalsall
75%
South TynesideSouth Shields
75%
East NorthamptonshireThrapstonRushden
75%
BromleyBromley
50%
Tower HamletsBlackwall
50%
NewhamEast Ham
50%
RedbridgeIlford
50%
BrentwoodBrentwood
50%
Barking and DagenhamBarking
50%
RochfordRochford
50%
HarlowHarlow
50%
BasildonBasildon
50%
BraintreeBraintree
50%
StroudStroud
50%
RyedaleMalton
50%
North WarwickshireAtherstone
50%
Forest of DeanColeford
50%
Taunton DeanTaunton
50%
CheltenhamCheltenham
50%
NottinghamNottingham
50%
Bath and North West SomersetBath
50%
GedlingArnold
50%
BroxtoweBeeston
50%
RushcliffeWest Bridgford
50%
ChristchurchChristchurch
50%
South SomersetYeovil
50%
PoolePoole
50%
CotswoldsCirencester
50%
SolihullSolihull
50%
TewkesburyTewkesbury
50%
South GloucestershireThornbury
50%
GloucesterGloucester
50%
DudleyDudley
50%
SandwellOldbury
50%
UttlesfordSaffron Walden
25%
BournemouthBournemouth
25%
BexleyBexleyheath
25%
MendipShepton Mallet
25%
BarnetEast Barnet
25%
TendringClacton On Sea
25%
GreenwichWoolwich
25%
North SomersetWeston Super Mare
25%
West SomersetWilliton
25%
LewishamCatford
25%
Waltham ForestWalthamstow
25%
HaveringRomford
25%
SedgemoorBridgewater
25%
Weymouth and PortlandWeymouth
25%
BlanbyNarborough
25%
MeltonMelton Mowbray
25%
HarboroughMarket Harborough
25%
CharnwoodLoughborough
25%
Hinckley and BosworthHinckley
25%
RossendaleRawtenstall
25%
LeicesterLeicester
25%
Newark and SherwoodNewark
25%
BassetlawWorksop
25%
MansfieldMansfield
25%
Oadby and WigstonWigston Magna
0%
HounslowHounslow
0%
WandsworthWandsworth
0%
Wyre ForestStourpont on Severn
0%
SuttonSutton
0%
CroydonCroydon
0%
MertonMorden
0%
LambethBrixton
0%
Kingston on ThamesKingston
0%
Kensington and ChelseaKensington
0%
EalingEaling
0%
Hammersmith and FulhamHammersmith
0%
SouthwarkSouthwark
0%
HillingdonUxbridge
0%
BrentWembley
0%
HarrowHarrow
0%
EnfieldEnfield Town
0%
PurbeckWareham
0%
HackneyHackney
0%
CamdenCamden Town
0%
HaringeyWood Green
0%
North West LeicestershireCoalville
0%
AshfieldKirkby in Ashfield
0%
WestminsterVictoria
0%
East DorsetWimborne Minster
0%
North DorsetBlandford Forum
0%
West DorsetDorchester
0%
IslingtonIslington
0%

Score Distribution

Percentile by Number Answered

Percent of People with Each Score

Your Score History

You have not taken this quiz since the last reset